000 00632nam a22002177a 4500
003 DO-SdBNP
005 20260321073644.0
007 ta
008 210922b 2021 dr 00| 0 eng d
020 _a9789945587234
040 _aDO-SdBNP
_bspa
_cBNPHU
082 4 _bB742p
_222
100 1 _a Bosch, Juan,
_d1909-2001
_976555
245 1 3 _aLa política no es un negocio /
_cJuan Bosch
260 _aSanto Domingo :
_bFundción Juan Bosch,
_c2021.
300 _a71 p. ;
_c23 cm.
500 _aIncluye referencias bibliográficas y notas al pie de las páginas
590 _aInventariado, 2022/BT
910 _aBtavárez
942 _2ddc
_cLBS1
999 _c50640
_d50640